ARRUPE JESUIT UNIVERSITY

CORONAVIRUS -STOP THE SPREAD - CLEAN,DISINFECT,COVER

Guns, crime, and freedom / (Record no. 119764)

MARC details
000 -LEADER
fixed length control field 01208cam a2200325 a 4500
001 - CONTROL NUMBER
control field 3977515
003 - CONTROL NUMBER IDENTIFIER
control field ARRUPE
005 - DATE AND TIME OF LATEST TRANSACTION
control field 20140129175636.0
008 - FIXED-LENGTH DATA ELEMENTS--GENERAL INFORMATION
fixed length control field 950502r19951994nyu b 001 0 eng
010 ## - LIBRARY OF CONGRESS CONTROL NUMBER
LC control number 95004600
020 ## - INTERNATIONAL STANDARD BOOK NUMBER
International Standard Book Number 0060976748
040 ## - CATALOGING SOURCE
Original cataloging agency DLC
Transcribing agency DLC
Modifying agency DLC
-- WaU
-- DLC
043 ## - GEOGRAPHIC AREA CODE
Geographic area code n-us---
050 10 - LIBRARY OF CONGRESS CALL NUMBER
Classification number HV7436
Item number .L365 1995
082 00 - DEWEY DECIMAL CLASSIFICATION NUMBER
Classification number 363.3/30973
Edition number 20
300 ## - PHYSICAL DESCRIPTION
Dimensions 21 cm.
100 1# - MAIN ENTRY--PERSONAL NAME
Personal name LaPierre, Wayne R.,
Dates associated with a name 1949-
9 (RLIN) 7277
245 10 - TITLE STATEMENT
Title Guns, crime, and freedom /
Statement of responsibility, etc Wayne R. LaPierre ; foreword by Tom Clancy.
250 ## - EDITION STATEMENT
Edition statement 1st HarperPerennial ed.
260 ## - PUBLICATION, DISTRIBUTION, ETC. (IMPRINT)
Place of publication, distribution, etc New York :
Name of publisher, distributor, etc HarperPerennial,
Date of publication, distribution, etc 1995.
300 ## - PHYSICAL DESCRIPTION
Extent xvi, 263 p. ;
500 ## - GENERAL NOTE
General note Originally published: [S.l.] : Regency, 1994.
504 ## - BIBLIOGRAPHY, ETC. NOTE
Bibliography, etc Includes bibliographical references (p. 241-253) and index.
610 10 - SUBJECT ADDED ENTRY--CORPORATE NAME
Corporate name or jurisdiction name as entry element United States.
Title of a work Constitution.
Number of part/section/meeting 2nd Amendment.
9 (RLIN) 7278
650 #0 - SUBJECT ADDED ENTRY--TOPICAL TERM
Topical term or geographic name as entry element Gun control
Geographic subdivision United States.
9 (RLIN) 7279
650 #0 - SUBJECT ADDED ENTRY--TOPICAL TERM
Topical term or geographic name as entry element Firearms and crime
Geographic subdivision United States.
9 (RLIN) 7280
650 #0 - SUBJECT ADDED ENTRY--TOPICAL TERM
Topical term or geographic name as entry element Firearms
General subdivision Law and legislation
Geographic subdivision United States.
9 (RLIN) 7281
906 ## - LOCAL DATA ELEMENT F, LDF (RLIN)
a 7
b cbc
c orignew
d 1
e ocip
f 19
g y-gencatlg
942 ## - ADDED ENTRY ELEMENTS (KOHA)
Source of classification or shelving scheme Library of Congress Classification
Koha item type Monograph ( Printed materials)
Holdings
Withdrawn status Lost status Source of classification or shelving scheme Damaged status Not for loan Home library Current library Shelving location Date acquired Total Checkouts Full call number Barcode Date last seen Price effective from Koha item type
    Library of Congress Classification     ARRUPE LIBRARY ARRUPE LIBRARY Main Collection 29/01/2014   HV7436 .L365 1995 46412184 30/04/2018 29/01/2014 Monograph ( Printed materials)

 

Arrupe Library. PO Box MP320 Mt Pleasant, Harare, Zimbabwe
263 242 745411|librarian@aju.ac.zw